Baghdad International Airport Destinations (Baghdad, Iraq) - Statistics

General Stats
  • This quiz has been taken 133 times
    64 since last reset
  • The average score is 31 of 48
Answer Stats
Airline Destination % Correct
Iraqi Airways/Jordan Aviation/Royal Jordanian Amman (Queen Alia)
100%
Emirates/flydubai/Iraqi Airways Dubai (International)
100%
Iraqi Airways/Turkish Airlines Istanbul
100%
AJet/Iraqi Airways/Iraqi Airways/Pegasus Airlines/UR Airlines Istanbul (Sabiha Gökçen)
100%
ATA Airlines/Caspian Airlines/Iran Airtour/Iran Aseman Airlines/Iraqi Airways/Mahan Air/Meraj Airlines/Sepehran Airlines/Taban Air/Varesh Airlines/Zagros Airlines Tehran (Imam Khomeini)
100%
Egyptair/Iraqi Airways/Nile Air Cairo
97%
Qatar Airways Doha
97%
Iraqi Airways Jeddah
97%
AJet/Iraqi Airways/UR Airlines Ankara
92%
Air Arabia/Iraqi Airways Abu Dhabi
89%
Iraqi Airways/Turkish Airlines/UR Airlines Antalya
89%
SalamAir Muscat
89%
Gulf Air Bahrain
86%
Azerbaijan Airlines/Iraqi Airways Baku
86%
Iraqi Airways/Middle East Airlines/UR Airlines Beirut
86%
Fly Cham/Syrian Air/UR Airlines Damascus
86%
Iraqi Airways Kuwait City
83%
Iraqi Airways Medina
83%
Iraqi Airways Moscow (Vnukovo)
83%
Iraqi Airways Basra
81%
Iraqi Airways Erbil
81%
Iraqi Airways Delhi
78%
Iraqi Airways Mumbai
78%
Iraqi Airways Isfahan
69%
Iraqi Airways Karachi
64%
Iraqi Airways/Nile Air Sharm El Sheikh
64%
Iraqi Airways Islamabad
61%
Air Arabia/Iraqi Airways Sharjah
61%
ATA Airlines/Iran Airtour/Iraqi Airways/Mahan Air/Meraj Airlines/Pars Air/Sepehran Airlines/Taban Air/Varesh Airlines Mashhad
58%
Iraqi Airways Frankfurt
56%
Iraqi Airways Najaf
56%
Iraqi Airways Beijing (Capital)
50%
Iraqi Airways Munich
47%
Iraqi Airways Tunis
44%
Iraqi Airways Hurghada
42%
Iraqi Airways Kirkuk
39%
Iraqi Airways Guangzhou
36%
Iraqi Airways Sulaimaniyah
36%
Iraqi Airways Berlin
33%
Iraqi Airways Kuala Lumpur (International)
33%
Mahan Air Kerman
28%
Iraqi Airways/Taban Air Kish
25%
Iraqi Airways Düsseldorf
22%
Iraqi Airways Trabzon
22%
Iraqi Airways Ahmedabad
17%
Iraqi Airways Copenhagen
17%
Iraqi Airways Nasiriyah
14%
Iraqi Airways/UR Airlines Samsun
8%
No matching quizzes found
Score Distribution
Percent of People with Each Score
Percentile by Number Answered
Your Score History
You have not taken this quiz since the last reset